Bilecik Bilecik Bilecik Bilecik Bilecik

CEO'lardan liderlik dersleri. (Record no. 44061)

MARC details
000 -BAŞLIK
Sabit Uzunluktaki Kontrol Alanı 01646nam a22004097a 4500
001 - KONTROL NUMARASI
Control Dosyası 0026423
003 - KONTROL NUMARASI KİMLİĞİ
Kontrol Alanı KOHA_MİRAKIL
005 - EN SON İŞLEM TARİHİ ve ZAMANI
Kontrol Alanı 20260207003420.0
007 - FİZİKSEL TANIM SABİT ALAN - GENEL BİLGİ
Sabit uzunluklu kontrol alanı ta
008 - SABİT UZUNLUKTAKİ VERİ ÖGELERİ - GENEL BİLGİ
Sabit Alan 130802b2013 tu |||gr||||#||||0|tur |
040 ## - KATALOGLAMA KAYNAĞI
Özgün Kataloglama Kurumu TR-BiSEU
Kataloglama Dili tur
Çeviri Kurumu TR-BiSEU
Açıklama Kuralları rda
041 0# - DİL KODU
Metin ya da ses kaydının dil kodu tur
044 ## - YAYINLAYAN/ÜRETEN KURULUŞUN ÜLKE KODU
ISO country code tu
050 ## - SINIFLAMA ve YER NUMARASI
Sınıflama Numarası HD38.25.T9
Yer Numarası C46 2013
245 1# - ESER ADI BİLDİRİMİ
Başlık CEO'lardan liderlik dersleri.
264 #1 - ÜRERİM, YAYIN, DAĞITIM ve TELİF BİLDİRİMİ
Yayın yeri İstanbul :
Yayınlayan Novartis
Yayın tarihi 2013
300 ## - FİZİKSEL TANIMLAMA
Sayfa, Cilt vb. 95 sayfa; 20 cm.
336 ## - İÇERİK TÜRÜ
Content type term metin
Content type code txt
Source rdacontent
337 ## - MEDYA TÜRÜ
Media type term aracısız
Media type code n
Source rdamedia
338 ## - TAŞIYICI TÜRÜ
Carrier type term cilt
Carrier type code nc
Source rdacarrier
490 1# - DİZİ BİLDİRİMİ
Dizi Bildirimi Capital ;
Cilt Numarası Haziran 2011.
500 ## - GENEL NOT
Genel Not Kapital dergisinin ekidir.
500 ## - GENEL NOT
Genel Not CEO ve işadamlarının liderlik özellikleri -- Fark yaratan yaklaşımları -- Gençlere ve girişimcilere önerileri.
500 ## - GENEL NOT
Genel Not Murat Ülker -- Ethem Sancak -- Sani Şener -- Hamdi Akın -- Tuncay Özilhan -- Bülent Eczacıbaşı -- Muharrem Yılmaz -- Erdoğan Demirören -- Abdülkadir Konukoğlu -- Karl-Johan Persson -- Vahap Küçük -- Ali Sabancı -- Gündüz Özdemir -- Murat Özyeğin.
650 #0 - KONU BAŞLIĞI EK GİRİŞ - KONU TERİMİ
Konusal terim veya coğrafi ad Lider yöneticiler--Türkiye.
9 (RLIN) 82562
650 #0 - KONU BAŞLIĞI EK GİRİŞ - KONU TERİMİ
Konusal terim veya coğrafi ad Chief executive officers--Turkey.
9 (RLIN) 82563
650 #0 - KONU BAŞLIĞI EK GİRİŞ - KONU TERİMİ
Konusal terim veya coğrafi ad Liderlik--Türkiye.
9 (RLIN) 82564
650 #0 - KONU BAŞLIĞI EK GİRİŞ - KONU TERİMİ
Konusal terim veya coğrafi ad Leadership--Turkey.
9 (RLIN) 82565
650 #0 - KONU BAŞLIĞI EK GİRİŞ - KONU TERİMİ
Konusal terim veya coğrafi ad Yönetici yeteneği--Türkiye.
9 (RLIN) 82566
650 #0 - KONU BAŞLIĞI EK GİRİŞ - KONU TERİMİ
Konusal terim veya coğrafi ad Executive ability--Turkey.
9 (RLIN) 82567
650 #0 - KONU BAŞLIĞI EK GİRİŞ - KONU TERİMİ
Konusal terim veya coğrafi ad İş adamları--Türkiye.
9 (RLIN) 82568
650 #0 - KONU BAŞLIĞI EK GİRİŞ - KONU TERİMİ
Konusal terim veya coğrafi ad Businessmen--Turkey.
9 (RLIN) 25660
650 #0 - KONU BAŞLIĞI EK GİRİŞ - KONU TERİMİ
Konusal terim veya coğrafi ad Yönetimde başarı--Türkiye.
9 (RLIN) 82569
650 #0 - KONU BAŞLIĞI EK GİRİŞ - KONU TERİMİ
Konusal terim veya coğrafi ad Executive succession--Turkey.
9 (RLIN) 82570
830 1# - SERİ EK GİRİŞİ - TEKBİÇİM ESER ADI
Tekbiçim Başlık Capital ;
Volume number/sequential designation Haziran 2011.
9 (RLIN) 82571
942 ## - EK GİRİŞ ÖGELERİ (KOHA)
Source of classification or shelving scheme Library of Congress Classification
Koha item type Book
Holdings
Materyal Türü Kalıcı Konum Mevcut Konum Raf Yeri Sınıflandırma Kaynağı Edinim Bilgisi Ana Konular Alt Konular Yer Numarası Demirbaş Numarası Fatura Tarihi Geri Çekilme Durumu Kayıp Durumu Hasarlı Durumu Kredi için değil Kayıt Tarih Toplam Ödünçverme Son Görülme Tarihi Son Kontrol Tarihi Genel / Bağış Notu
Book Prof. Dr. Azmi Özcan Kütüphanesi Prof. Dr. Azmi Özcan Kütüphanesi Uluğbey Salonu Library of Congress Classification Bağış SOSYAL BİLİMLER Endüstriler, Arazi Kullanımı, İşgücü HD38.25.T9 C46 2013 0026423 02/02/2026         02/08/2013 4 05/12/2024 05/12/2024 Genel Bağış